00278nam a2200109Ia 4500008004000000082001300040100001100053245002300064260006200087300000700149650001200156210210b1990 xxu||||| |||| 00| 0 eng d a366 ALLP aAICUF. aProgress of ideas. aMadras.bAll India Catholic University Federation.,c1990 a48 aAICUF